関東地方の国鉄行先(1968年) - Statistics

General Stats
  • This quiz has been taken 419 times
  • The average score is 81 of 134
Answer Stats
駅名 % Correct
東京
96%
上野
95%
大宮
94%
千葉
93%
小田原
91%
高崎
91%
八王子
91%
宇都宮
90%
大船
90%
品川
90%
新宿
90%
水戸
90%
池袋
89%
立川
88%
銚子
88%
赤羽
87%
成田
87%
前橋
87%
小山
86%
取手
85%
高尾
84%
土浦
84%
平塚
84%
安房鴨川
83%
大崎
83%
木更津
83%
黒磯
83%
桜木町
83%
三鷹
83%
我孫子
82%
橋本
82%
横須賀
82%
青梅
81%
勝田
81%
鶴見
81%
中野
81%
籠原
80%
津田沼
80%
川崎
79%
久里浜
79%
新前橋
79%
松戸
79%
上総一ノ宮
78%
川越
78%
小金井
78%
館山
78%
成東
77%
高麗川
76%
逗子
76%
日光
76%
磯子
75%
桐生
75%
高萩
75%
拝島
75%
水上
75%
武蔵小金井
75%
蒲田
74%
東神奈川
74%
南浦和
74%
武蔵五日市
74%
大網
72%
勝浦
72%
佐倉
71%
友部
70%
伊勢崎
69%
海芝浦
69%
国分寺
69%
豊田
69%
烏山
68%
佐原
68%
渋川
68%
浜川崎
68%
横川
68%
大原
67%
日立
67%
長野原
65%
茂原
65%
大川
64%
下館
64%
茅ケ崎
64%
東金
64%
扇町
60%
御茶ノ水
59%
登戸
59%
東十条
59%
尻手
57%
上総亀山
56%
両国
56%
小川町
54%
武蔵中原
53%
武蔵溝ノ口
53%
足利
51%
常陸太田
51%
稲城長沼
47%
大津港
47%
寄居
47%
鹿沼
46%
厚木
44%
常陸大子
44%
上総中野
43%
上総湊
43%
武蔵白石
43%
御嶽
42%
箱根ケ崎
40%
真岡
40%
上菅谷
37%
山北
37%
寒川
36%
足尾
33%
幕張
33%
姉ケ崎
32%
大多喜
32%
茂木
31%
荻窪
30%
間藤
28%
原町田
26%
東飯能
25%
西寒川
24%
中山
22%
氷川
21%
小机
18%
指扇
18%
東京競馬場前
15%
原当麻
12%
武蔵岩井
12%
太子
10%
小見川
8%
北府中
8%
日進
8%
横田
6%
水沼
3%
川尻
1%
求名
1%
神土
0%
No matching quizzes found
Score Distribution
Percent of People with Each Score
Percentile by Number Answered
Your Score History
You have not taken this quiz